Statistics for Top 10 Best-selling Fiction Authors

Click here to take the quiz!

General Stats

  • This quiz has been taken 26 times
  • The average score is 3 of 10

Answer Stats

Estimated SalesAuthor% Correct
500 millionJ. K. Rowling
100%
2 - 4 billionAgatha Christie
64%
2 - 4 billionWilliam Shakespeare
52%
600 millionEnid Blyton
12%
500 - 1000 millionBarbara Cartland
8%
500 - 800 millionDanielle Steel
8%
125 - 500 millionGilbert Patten
4%
370 - 600 millionSidney Sheldon
4%
500 - 700 millionGeorges Simenon
0%
750 millionHarold Robbins
0%

Score Distribution

Percentile by Number Answered

Percent of People with Each Score

Your Score History

You have not taken this quiz